Kho tàng giai thoại Việt Nam T.2
v.v...
Đã lưu trong:
| Tác giả chính: | |
|---|---|
| Định dạng: | Sách |
| Năm xuất bản: |
H.
Văn hóa
1994
|
| Chủ đề: | |
| Tags: |
Thêm thẻ
Không có thẻ, Hãy là người đầu tiên gắn thẻ bản ghi này!
|
| LEADER | 00557nam a2200169 4500 | ||
|---|---|---|---|
| 082 | |a 895.922802 |b V500NG | ||
| 100 | |a Vũ Ngọc Khánh | ||
| 245 | |a Kho tàng giai thoại Việt Nam |c Vũ Ngọc Khánh |n T.2 | ||
| 260 | |a H. |b Văn hóa |c 1994 | ||
| 300 | |a 1393 tr. |c 20 cm. | ||
| 520 | |a v.v... | ||
| 653 | |a Văn học | ||
| 653 | |a Việt Nam | ||
| 653 | |a Giai thoại | ||
| 942 | |2 ddc |c SH | ||
| 999 | |c 9185 |d 9185 | ||
| 952 | |0 0 |1 0 |2 ddc |4 0 |6 895_922802000000000_V500NG |7 0 |8 800 |9 74348 |a qbu |b qbu |c D5 |d 2015-05-07 |g 50000 |o 895.922802 V500NG |p 8909.c1 |r 0000-00-00 |w 2015-05-07 |y SH | ||